[Event "World Youth & Cadets Rapid Championships"]
[Site "Rhodes, Greece"]
[Date "2022.05.02"]
[Round "6.39"]
[White "Smietanska, Wiktoria"]
[Black "Aydogan, Arya"]
[Result "1-0"]
[TimeControl "10'/game & 5\"/move"]
[WhiteElo "1781"]
[BlackElo "1409"]

1. d4 {[%clk 00:10:08]} {[%emt 00:00:01]} d5 {[%clk 00:10:05]} {[%emt
00:00:05]} 2. Bf4 {[%clk 00:10:11]} {[%emt 00:00:02]} Bf5 {[%clk 00:10:06]}
{[%emt 00:00:04]} 3. c4 {[%clk 00:10:00]} {[%emt 00:00:17]} e6 {[%clk
00:09:56]} {[%emt 00:00:14]} 4. Nc3 {[%clk 00:09:59]} {[%emt 00:00:07]} Bd6
{[%clk 00:09:36]} {[%emt 00:00:24]} 5. Bxd6 {[%clk 00:09:56]} {[%emt 00:00:09]}
Qxd6 {[%clk 00:09:37]} {[%emt 00:00:04]} 6. e3 {[%clk 00:09:55]} {[%emt
00:00:06]} Nf6 {[%clk 00:09:00]} {[%emt 00:00:41]} 7. Nf3 {[%clk 00:09:50]}
{[%emt 00:00:10]} Nbd7 {[%clk 00:08:56]} {[%emt 00:00:09]} 8. Be2 {[%clk
00:09:21]} {[%emt 00:00:34]} c6 {[%clk 00:08:05]} {[%emt 00:00:56]} 9. Rc1
{[%clk 00:09:02]} {[%emt 00:00:24]} O-O {[%clk 00:07:46]} {[%emt 00:00:24]} 10.
O-O {[%clk 00:09:02]} {[%emt 00:00:05]} Rac8 {[%clk 00:07:16]} {[%emt
00:00:35]} 11. Bd3 {[%clk 00:08:43]} {[%emt 00:00:24]} Bg6 {[%clk 00:06:54]}
{[%emt 00:00:27]} 12. Bxg6 {[%clk 00:08:21]} {[%emt 00:00:27]} hxg6 {[%clk
00:06:53]} {[%emt 00:00:05]} 13. Qe2 {[%clk 00:08:18]} {[%emt 00:00:09]} e5
{[%clk 00:05:40]} {[%emt 00:01:18]} 14. dxe5 {[%clk 00:08:04]} {[%emt
00:00:19]} Nxe5 {[%clk 00:05:38]} {[%emt 00:00:06]} 15. Rfd1 {[%clk 00:06:00]}
{[%emt 00:02:10]} Nxf3+ {[%clk 00:03:27]} {[%emt 00:02:16]} 16. Qxf3 {[%clk
00:05:59]} {[%emt 00:00:06]} Qb4 {[%clk 00:03:15]} {[%emt 00:00:17]} 17. cxd5
{[%clk 00:05:30]} {[%emt 00:00:35]} Nxd5 {[%emt 00:01:13]} 18. Nxd5 {[%clk
00:05:06]} {[%emt 00:00:01]} cxd5 {[%clk 00:02:34]} {[%emt 00:00:06]} 19. Rxc8
{[%clk 00:04:30]} {[%emt 00:00:41]} Rxc8 {[%clk 00:02:34]} {[%emt 00:00:05]} 20.
Qxd5 {[%clk 00:04:01]} {[%emt 00:00:34]} Qxb2 {[%clk 00:02:12]} {[%emt
00:00:25]} 21. h3 {[%clk 00:02:25]} {[%emt 00:01:42]} Rc1 {[%clk 00:01:44]}
{[%emt 00:00:32]} 22. Rxc1 {[%clk 00:02:12]} {[%emt 00:00:19]} Qxc1+ {[%clk
00:01:45]} {[%emt 00:00:04]} 23. Kh2 {[%clk 00:02:11]} {[%emt 00:00:06]} Qc7+
{[%clk 00:01:43]} {[%emt 00:00:07]} 24. f4 {[%clk 00:00:48]} {[%emt 00:01:29]}
Kf8 {[%clk 00:01:22]} {[%emt 00:00:25]} 25. Qd4 {[%clk 00:00:40]} {[%emt
00:00:14]} a6 {[%clk 00:01:07]} {[%emt 00:00:19]} 26. Qd5 {[%clk 00:00:27]}
{[%emt 00:00:19]} Qe7 {[%clk 00:00:42]} {[%emt 00:00:30]} 27. Qd4 {[%clk
00:00:21]} {[%emt 00:00:11]} Qc7 {[%clk 00:00:28]} {[%emt 00:00:18]} 28. Kg3
{[%clk 00:00:13]} {[%emt 00:00:13]} b6 {[%clk 00:00:26]} {[%emt 00:00:07]} 29.
Qd5 {[%clk 00:00:13]} {[%emt 00:00:06]} a5 {[%clk 00:00:19]} {[%emt 00:00:12]}
30. Qa8+ {[%clk 00:00:12]} {[%emt 00:00:06]} Ke7 {[%clk 00:00:21]} {[%emt
00:00:03]} 31. Qe4+ {[%clk 00:00:13]} {[%emt 00:00:03]} Kf8 {[%clk 00:00:22]}
{[%emt 00:00:04]} 32. a4 {[%clk 00:00:11]} {[%emt 00:00:08]} Qd7 {[%clk
00:00:20]} {[%emt 00:00:07]} 33. Qa8+ {[%clk 00:00:09]} {[%emt 00:00:07]} Ke7
{[%clk 00:00:23]} {[%emt 00:00:02]} 34. Qe4+ {[%clk 00:00:10]} {[%emt
00:00:04]} Kf8 {[%clk 00:00:25]} {[%emt 00:00:03]} 35. Qc4 {[%clk 00:00:11]}
{[%emt 00:00:04]} Ke7 {[%clk 00:00:24]} {[%emt 00:00:05]} 36. Qb3 {[%clk
00:00:09]} {[%emt 00:00:07]} Qc6 {[%clk 00:00:23]} {[%emt 00:00:05]} 37. Qa3+
{[%clk 00:00:10]} {[%emt 00:00:05]} Qc5 {[%clk 00:00:22]} {[%emt 00:00:07]} 38.
Qb3 {[%clk 00:00:12]} {[%emt 00:00:03]} Qb4 {[%clk 00:00:22]} {[%emt 00:00:05]}
39. Qc2 {[%clk 00:00:13]} {[%emt 00:00:03]} Kd7 {[%clk 00:00:21]} {[%emt
00:00:06]} 40. Qd3+ {[%clk 00:00:12]} {[%emt 00:00:06]} Qd6 {[%clk 00:00:15]}
{[%emt 00:00:12]} 41. Qc4 {[%clk 00:00:10]} {[%emt 00:00:05]} Ke7 {[%clk
00:00:15]} {[%emt 00:00:05]} 42. Qe4+ {[%clk 00:00:13]} {[%emt 00:00:03]} Kd7
{[%clk 00:00:16]} {[%emt 00:00:05]} 43. Qb7+ {[%clk 00:00:14]} {[%emt
00:00:04]} Ke6 {[%clk 00:00:17]} {[%emt 00:00:03]} 44. Qc8+ {[%clk 00:00:16]}
{[%emt 00:00:04]} Ke7 {[%clk 00:00:20]} {[%emt 00:00:02]} 45. Qc3 {[%clk
00:00:17]} {[%emt 00:00:04]} Kf8 {[%clk 00:00:20]} {[%emt 00:00:04]} 46. Kh2
{[%clk 00:00:10]} {[%emt 00:00:12]} Qb4 {[%clk 00:00:20]} {[%emt 00:00:06]} 47.
Qc8+ {[%clk 00:00:10]} {[%emt 00:00:05]} Ke7 {[%clk 00:00:23]} {[%emt
00:00:02]} 48. Qc7+ {[%clk 00:00:12]} {[%emt 00:00:02]} Ke8 {[%clk 00:00:23]}
{[%emt 00:00:05]} 49. Qc2 {[%clk 00:00:13]} {[%emt 00:00:04]} Kd7 {[%clk
00:00:23]} {[%emt 00:00:05]} 50. Qd1+ {[%clk 00:00:15]} {[%emt 00:00:04]} Ke7
{[%clk 00:00:22]} {[%emt 00:00:06]} 51. Qc2 {[%clk 00:00:12]} {[%emt 00:00:07]}
Qc5 {[%clk 00:00:21]} {[%emt 00:00:05]} 52. Qe4+ {[%clk 00:00:14]} {[%emt
00:00:04]} Kf8 {[%clk 00:00:21]} {[%emt 00:00:04]} 53. Qd3 {[%clk 00:00:13]}
{[%emt 00:00:07]} Ke7 {[%clk 00:00:23]} {[%emt 00:00:04]} 54. Kg3 {[%clk
00:00:11]} {[%emt 00:00:07]} Qb4 {[%clk 00:00:22]} {[%emt 00:00:05]} 55. Qc2
{[%clk 00:00:09]} {[%emt 00:00:07]} Kd7 {[%clk 00:00:21]} {[%emt 00:00:07]} 56.
Qd3+ {[%clk 00:00:09]} {[%emt 00:00:05]} Qd6 {[%clk 00:00:21]} {[%emt
00:00:05]} 57. Qb5+ {[%clk 00:00:10]} {[%emt 00:00:04]} Kc7 {[%clk 00:00:22]}
{[%emt 00:00:04]} 58. Qc4+ {[%clk 00:00:13]} {[%emt 00:00:02]} Kb8 {[%clk
00:00:21]} {[%emt 00:00:06]} 59. Qxf7 {[%clk 00:00:16]} {[%emt 00:00:02]} Qf6
{[%clk 00:00:21]} {[%emt 00:00:04]} 60. Qe8+ {[%clk 00:00:18]} {[%emt
00:00:03]} Kb7 {[%clk 00:00:23]} {[%emt 00:00:02]} 61. Qd7+ {[%clk 00:00:22]}
{[%emt 00:00:02]} Kb8 {[%clk 00:00:27]} {[%emt 00:00:02]} 62. Kf3 {[%clk
00:00:22]} {[%emt 00:00:04]} Ka8 {[%clk 00:00:18]} {[%emt 00:00:15]} 63. Qb5
{[%clk 00:00:22]} {[%emt 00:00:04]} Kb7 {[%clk 00:00:20]} {[%emt 00:00:04]} 64.
Qd7+ {[%clk 00:00:23]} {[%emt 00:00:04]} Ka8 {[%clk 00:00:22]} {[%emt
00:00:03]} 65. g4 {[%clk 00:00:23]} {[%emt 00:00:05]} Kb8 {[%clk 00:00:19]}
{[%emt 00:00:07]} 66. Qd5 {[%clk 00:00:16]} {[%emt 00:00:12]} Kc7 {[%clk
00:00:19]} {[%emt 00:00:06]} 67. Qb3 {[%clk 00:00:09]} {[%emt 00:00:11]} Qc6+
{[%clk 00:00:21]} {[%emt 00:00:04]} 68. Kg3 {[%clk 00:00:12]} {[%emt 00:00:02]}
Qf6 {[%clk 00:00:22]} {[%emt 00:00:03]} 69. Qc2+ {[%clk 00:00:14]} {[%emt
00:00:03]} Kb8 {[%emt 00:00:07]} 70. Qc4 {[%clk 00:00:16]} Qe7 {[%clk
00:00:22]} {[%emt 00:00:06]} 71. Qd4 {[%clk 00:00:13]} {[%emt 00:00:07]} Qf6
{[%clk 00:00:20]} {[%emt 00:00:08]} 72. Qd5 {[%clk 00:00:11]} {[%emt 00:00:07]}
Kc7 {[%clk 00:00:21]} {[%emt 00:00:04]} 73. g5 {[%clk 00:00:11]} {[%emt
00:00:05]} Qd6 {[%clk 00:00:11]} {[%emt 00:00:14]} 74. Qf7+ {[%clk 00:00:12]}
{[%emt 00:00:05]} Kc6 {[%clk 00:00:13]} {[%emt 00:00:04]} 75. Qxg7 {[%clk
00:00:10]} {[%emt 00:00:07]} b5 {[%clk 00:00:11]} {[%emt 00:00:07]} 76. Qc3+
{[%clk 00:00:12]} {[%emt 00:00:03]} Kb6 {[%clk 00:00:13]} {[%emt 00:00:03]} 77.
Qb3 {[%clk 00:00:09]} {[%emt 00:00:08]} b4 {[%clk 00:00:14]} {[%emt 00:00:04]}
78. h4 {[%clk 00:00:09]} {[%emt 00:00:04]} Qe7 {[%clk 00:00:13]} {[%emt
00:00:06]} 79. Kf3 {[%clk 00:00:08]} {[%emt 00:00:06]} Qh7 {[%clk 00:00:12]}
{[%emt 00:00:07]} 80. Kg3 {[%clk 00:00:10]} {[%emt 00:00:04]} Qd7 {[%clk
00:00:11]} {[%emt 00:00:04]} 81. Qc4 {[%clk 00:00:09]} {[%emt 00:00:06]} Qxa4
{[%clk 00:00:11]} {[%emt 00:00:05]} 82. h5 {[%clk 00:00:09]} {[%emt 00:00:05]}
Qe8 {[%clk 00:00:08]} {[%emt 00:00:08]} 83. Qd4+ {[%clk 00:00:09]} {[%emt
00:00:05]} Kb7 {[%clk 00:00:09]} {[%emt 00:00:04]} 84. h6 {[%clk 00:00:12]}
{[%emt 00:00:03]} b3 {[%clk 00:00:09]} {[%emt 00:00:05]} 85. Qd5+ {[%clk
00:00:14]} {[%emt 00:00:03]} Ka7 {[%clk 00:00:10]} {[%emt 00:00:03]} 86. Qxb3
{[%clk 00:00:17]} {[%emt 00:00:03]} Ka6 {[%clk 00:00:10]} {[%emt 00:00:05]} 87.
Qc3 {[%clk 00:00:18]} {[%emt 00:00:04]} a4 {[%clk 00:00:10]} {[%emt 00:00:05]}
88. h7 {[%clk 00:00:20]} {[%emt 00:00:03]} Kb5 {[%clk 00:00:11]} {[%emt
00:00:04]} 89. h8=Q {[%clk 00:00:23]} {[%emt 00:00:02]} 1-0

[Event "World Youth & Cadets Rapid Championships"]
[Site "Rhodes, Greece"]
[Date "2022.05.02"]
[Round "6.40"]
[White "Hnatyshyn, Anastasiia"]
[Black "Ferrer Naranjo, Liennys"]
[Result "1-0"]
[TimeControl "10'/game & 5\"/move"]
[WhiteElo "1889"]
[BlackElo "1121"]

1. e4 {[%clk 00:10:08]} {[%emt 00:00:01]} c6 {[%clk 00:10:09]} {[%emt
00:00:02]} 2. d4 {[%clk 00:10:11]} {[%emt 00:00:02]} d5 {[%clk 00:10:13]}
{[%emt 00:00:01]} 3. Nc3 {[%clk 00:10:14]} {[%emt 00:00:02]} dxe4 {[%clk
00:10:16]} {[%emt 00:00:02]} 4. Nxe4 {[%clk 00:10:16]} {[%emt 00:00:02]} Bf5
{[%clk 00:10:20]} {[%emt 00:00:01]} 5. Ng3 {[%clk 00:10:19]} {[%emt 00:00:03]}
Bg6 {[%clk 00:10:24]} {[%emt 00:00:01]} 6. h4 {[%clk 00:10:21]} {[%emt
00:00:02]} h6 {[%clk 00:10:28]} {[%emt 00:00:01]} 7. Nf3 {[%clk 00:10:23]}
{[%emt 00:00:04]} Nd7 {[%clk 00:10:31]} {[%emt 00:00:01]} 8. Bd3 {[%clk
00:10:15]} {[%emt 00:00:13]} Bxd3 {[%clk 00:10:35]} {[%emt 00:00:01]} 9. Qxd3
{[%clk 00:10:17]} {[%emt 00:00:03]} Qc7 {[%clk 00:10:38]} {[%emt 00:00:02]} 10.
Bd2 {[%clk 00:10:13]} {[%emt 00:00:08]} Ngf6 {[%clk 00:10:41]} {[%emt
00:00:03]} 11. O-O-O {[%clk 00:10:11]} {[%emt 00:00:08]} O-O-O {[%clk
00:10:43]} {[%emt 00:00:03]} 12. Qe2 {[%clk 00:09:47]} {[%emt 00:00:28]} e6
{[%clk 00:10:38]} {[%emt 00:00:10]} 13. Kb1 {[%clk 00:09:48]} {[%emt 00:00:05]}
Bd6 {[%clk 00:10:38]} {[%emt 00:00:04]} 14. Nf1 {[%clk 00:09:42]} {[%emt
00:00:10]} Nd5 {[%clk 00:10:10]} {[%emt 00:00:34]} 15. g3 {[%clk 00:09:31]}
{[%emt 00:00:16]} Rhe8 {[%clk 00:09:37]} {[%emt 00:00:38]} 16. c4 {[%clk
00:08:43]} {[%emt 00:00:54]} N5f6 {[%clk 00:09:23]} {[%emt 00:00:18]} 17. c5
{[%clk 00:08:06]} {[%emt 00:00:43]} Be7 {[%clk 00:09:22]} {[%emt 00:00:06]} 18.
Bf4 {[%clk 00:08:03]} {[%emt 00:00:08]} Qa5 {[%clk 00:09:07]} {[%emt 00:00:20]}
19. Ne3 {[%clk 00:07:18]} {[%emt 00:00:50]} Nd5 {[%clk 00:07:45]} {[%emt
00:01:26]} 20. Nxd5 {[%clk 00:06:55]} {[%emt 00:00:28]} exd5 {[%clk 00:07:31]}
{[%emt 00:00:19]} 21. Qd3 {[%clk 00:05:28]} {[%emt 00:01:32]} Bf6 {[%clk
00:06:23]} {[%emt 00:01:14]} 22. Rhe1 {[%clk 00:04:47]} {[%emt 00:00:46]} Qb4
{[%clk 00:04:55]} {[%emt 00:01:33]} 23. Rxe8 {[%clk 00:03:16]} {[%emt
00:01:35]} Rxe8 {[%clk 00:04:56]} {[%emt 00:00:04]} 24. a3 {[%clk 00:03:15]}
{[%emt 00:00:06]} Qa5 {[%clk 00:04:22]} {[%emt 00:00:38]} 25. Qd2 {[%clk
00:01:26]} {[%emt 00:01:55]} Qxd2 {[%clk 00:04:01]} {[%emt 00:00:26]} 26. Rxd2
{[%clk 00:01:19]} {[%emt 00:00:12]} Re4 {[%clk 00:03:36]} {[%emt 00:00:30]} 27.
Kc2 {[%clk 00:00:52]} {[%emt 00:00:32]} Kd8 {[%clk 00:02:34]} {[%emt 00:01:08]}
28. Kd3 {[%clk 00:00:44]} {[%emt 00:00:12]} Ke8 {[%clk 00:01:49]} {[%emt
00:00:50]} 29. Re2 {[%clk 00:00:19]} {[%emt 00:00:31]} Rxe2 {[%clk 00:01:51]}
{[%emt 00:00:02]} 30. Kxe2 {[%clk 00:00:22]} {[%emt 00:00:02]} Ke7 {[%clk
00:01:37]} {[%emt 00:00:19]} 31. g4 {[%clk 00:00:18]} {[%emt 00:00:09]} Ke6
{[%clk 00:01:24]} {[%emt 00:00:19]} 32. Kd3 {[%clk 00:00:13]} {[%emt 00:00:10]}
b6 {[%clk 00:01:08]} {[%emt 00:00:21]} 33. b4 {[%clk 00:00:15]} {[%emt
00:00:02]} bxc5 {[%clk 00:01:09]} {[%emt 00:00:05]} 34. bxc5 {[%clk 00:00:15]}
{[%emt 00:00:05]} Bd8 {[%clk 00:00:56]} {[%emt 00:00:17]} 35. g5 {[%clk
00:00:11]} {[%emt 00:00:10]} hxg5 {[%clk 00:00:58]} {[%emt 00:00:02]} 36. Nxg5+
{[%clk 00:00:10]} {[%emt 00:00:06]} Bxg5 {[%clk 00:00:51]} {[%emt 00:00:12]} 37.
Bxg5 {[%clk 00:00:13]} {[%emt 00:00:02]} Nf6 {[%clk 00:00:41]} {[%emt
00:00:15]} 38. f3 {[%clk 00:00:11]} {[%emt 00:00:08]} Ng8 {[%clk 00:00:31]}
{[%emt 00:00:14]} 39. Bf4 {[%clk 00:00:10]} {[%emt 00:00:06]} Ne7 {[%clk
00:00:33]} {[%emt 00:00:03]} 40. Bb8 {[%clk 00:00:10]} {[%emt 00:00:06]} a6
{[%clk 00:00:36]} {[%emt 00:00:02]} 41. Bg3 {[%clk 00:00:12]} {[%emt 00:00:03]}
Kf5 {[%clk 00:00:34]} {[%emt 00:00:06]} 42. Kc3 {[%clk 00:00:12]} {[%emt
00:00:06]} Ng6 {[%clk 00:00:25]} {[%emt 00:00:14]} 43. Kb4 {[%clk 00:00:11]}
{[%emt 00:00:06]} Nf4 {[%clk 00:00:28]} 44. Ka5 {[%clk 00:00:10]} {[%emt
00:00:07]} Ne2 {[%clk 00:00:32]} {[%emt 00:00:01]} 45. Bf2 {[%clk 00:00:12]}
{[%emt 00:00:03]} Kf4 {[%clk 00:00:35]} {[%emt 00:00:01]} 46. Kxa6 {[%clk
00:00:16]} {[%emt 00:00:01]} Nc3 {[%clk 00:00:32]} {[%emt 00:00:08]} 47. Kb6
{[%clk 00:00:18]} {[%emt 00:00:04]} Kxf3 {[%clk 00:00:34]} {[%emt 00:00:03]} 48.
Be1 {[%clk 00:00:15]} {[%emt 00:00:08]} Ne2 {[%clk 00:00:32]} {[%emt 00:00:07]}
49. Kxc6 {[%clk 00:00:16]} {[%emt 00:00:04]} Nxd4+ {[%clk 00:00:35]} 50. Kxd5
{[%clk 00:00:19]} {[%emt 00:00:02]} Ne6 {[%clk 00:00:33]} {[%emt 00:00:07]} 51.
c6 {[%clk 00:00:12]} {[%emt 00:00:12]} Ke2 {[%clk 00:00:31]} {[%emt 00:00:07]}
52. Bg3 {[%clk 00:00:13]} {[%emt 00:00:03]} Kf3 {[%clk 00:00:35]} {[%emt
00:00:03]} 53. Be5 {[%clk 00:00:15]} {[%emt 00:00:03]} g6 {[%clk 00:00:30]}
{[%emt 00:00:10]} 54. c7 {[%clk 00:00:14]} {[%emt 00:00:06]} Nxc7+ {[%clk
00:00:34]} {[%emt 00:00:01]} 55. Bxc7 {[%clk 00:00:18]} f5 {[%clk 00:00:37]}
{[%emt 00:00:01]} 56. a4 {[%clk 00:00:22]} {[%emt 00:00:02]} Kg4 {[%clk
00:00:41]} 57. a5 {[%clk 00:00:20]} {[%emt 00:00:07]} Kxh4 {[%clk 00:00:44]}
{[%emt 00:00:01]} 58. a6 {[%clk 00:00:24]} Kg4 {[%clk 00:00:47]} {[%emt
00:00:02]} 59. a7 {[%clk 00:00:28]} {[%emt 00:00:02]} f4 {[%clk 00:00:50]} 60.
a8=Q {[%emt 00:00:02]} f3 {[%clk 00:00:53]} {[%emt 00:00:01]} 61. Qa4+ {[%clk
00:00:34]} {[%emt 00:00:03]} Kh3 {[%clk 00:00:55]} {[%emt 00:00:03]} 62. Qf4
{[%clk 00:00:36]} {[%emt 00:00:03]} Kg2 {[%clk 00:00:57]} {[%emt 00:00:05]} 63.
Qg3+ {[%clk 00:00:39]} {[%emt 00:00:01]} Kf1 {[%clk 00:01:00]} {[%emt
00:00:02]} 64. Qxf3+ {[%clk 00:00:42]} {[%emt 00:00:01]} 1-0

[Event "World Youth & Cadets Rapid Championships"]
[Site "Rhodes, Greece"]
[Date "2022.05.02"]
[Round "6.41"]
[White "Alessi, Clio"]
[Black "Berezovskaya, Arina"]
[Result "0-1"]
[TimeControl "10'/game & 5\"/move"]
[WhiteElo "1410"]
[BlackElo "1219"]

1. e4 {[%clk 00:10:07]} {[%emt 00:00:02]} c5 {[%clk 00:10:09]} {[%emt
00:00:01]} 2. c3 {[%clk 00:10:10]} {[%emt 00:00:02]} d5 {[%clk 00:10:12]}
{[%emt 00:00:01]} 3. exd5 {[%clk 00:10:13]} {[%emt 00:00:02]} Qxd5 {[%clk
00:10:16]} {[%emt 00:00:01]} 4. d4 {[%clk 00:10:12]} {[%emt 00:00:06]} Nc6
{[%clk 00:10:13]} {[%emt 00:00:08]} 5. Nf3 {[%clk 00:10:15]} {[%emt 00:00:02]}
cxd4 {[%clk 00:10:16]} {[%emt 00:00:02]} 6. cxd4 {[%clk 00:10:18]} {[%emt
00:00:02]} e5 {[%clk 00:10:12]} {[%emt 00:00:09]} 7. Nc3 {[%clk 00:10:15]}
{[%emt 00:00:07]} Bb4 {[%clk 00:10:14]} {[%emt 00:00:03]} 8. Be2 {[%clk
00:10:06]} {[%emt 00:00:14]} e4 {[%clk 00:09:33]} {[%emt 00:00:46]} 9. Nd2
{[%clk 00:09:57]} {[%emt 00:00:15]} Bxc3 {[%clk 00:09:29]} {[%emt 00:00:09]} 10.
bxc3 {[%clk 00:10:00]} {[%emt 00:00:02]} Nf6 {[%clk 00:09:19]} {[%emt
00:00:15]} 11. O-O {[%clk 00:10:02]} {[%emt 00:00:03]} O-O {[%clk 00:09:11]}
{[%emt 00:00:13]} 12. Bc4 {[%clk 00:09:35]} {[%emt 00:00:32]} Qa5 {[%clk
00:08:35]} {[%emt 00:00:41]} 13. Qc2 {[%clk 00:09:24]} {[%emt 00:00:16]} Bf5
{[%clk 00:07:58]} {[%emt 00:00:41]} 14. Qb3 {[%clk 00:08:29]} {[%emt 00:00:58]}
Qc7 {[%clk 00:07:09]} {[%emt 00:00:56]} 15. Ba3 {[%clk 00:08:05]} {[%emt
00:00:29]} Rfc8 {[%clk 00:06:30]} {[%emt 00:00:43]} 16. Qb2 {[%clk 00:06:36]}
{[%emt 00:01:35]} Na5 {[%clk 00:06:15]} {[%emt 00:00:20]} 17. Be2 {[%clk
00:06:06]} {[%emt 00:00:35]} b6 {[%clk 00:04:58]} {[%emt 00:01:22]} 18. Rac1
{[%clk 00:05:45]} {[%emt 00:00:26]} Nd5 {[%clk 00:04:20]} {[%emt 00:00:43]} 19.
c4 {[%clk 00:05:44]} {[%emt 00:00:06]} Nf6 {[%clk 00:04:21]} {[%emt 00:00:05]}
20. c5 {[%clk 00:05:46]} {[%emt 00:00:04]} Qb7 {[%clk 00:03:36]} {[%emt
00:00:47]} 21. cxb6 {[%clk 00:04:53]} {[%emt 00:00:59]} Qxb6 {[%clk 00:03:14]}
{[%emt 00:00:28]} 22. Rxc8+ {[%clk 00:04:52]} {[%emt 00:00:06]} Rxc8 {[%clk
00:03:17]} {[%emt 00:00:01]} 23. Qxb6 {[%clk 00:04:53]} {[%emt 00:00:04]} axb6
{[%clk 00:03:21]} {[%emt 00:00:01]} 24. Rd1 {[%clk 00:04:44]} {[%emt 00:00:05]}
Rc2 {[%clk 00:03:04]} {[%emt 00:00:30]} 25. Bb5 {[%clk 00:02:51]} {[%emt
00:01:58]} Rxa2 {[%clk 00:02:19]} {[%emt 00:00:51]} 26. Be7 {[%clk 00:02:38]}
{[%emt 00:00:15]} Nd5 {[%clk 00:01:56]} {[%emt 00:00:29]} 27. Bd6 {[%clk
00:02:36]} {[%emt 00:00:10]} Nc3 {[%clk 00:01:35]} {[%emt 00:00:22]} 28. Rc1
{[%clk 00:02:23]} {[%emt 00:00:21]} Nxb5 {[%clk 00:01:33]} {[%emt 00:00:07]} 29.
Bf4 {[%clk 00:02:15]} {[%emt 00:00:11]} h6 {[%clk 00:01:20]} {[%emt 00:00:21]}
30. Nc4 {[%clk 00:01:36]} {[%emt 00:00:44]} Nxd4 {[%clk 00:00:59]} {[%emt
00:00:26]} 31. Kf1 {[%clk 00:01:08]} {[%emt 00:00:32]} Nxc4 {[%clk 00:00:52]}
{[%emt 00:00:12]} 32. Rxc4 {[%clk 00:01:06]} {[%emt 00:00:07]} Ra1+ {[%clk
00:00:50]} {[%emt 00:00:07]} 33. Rc1 {[%clk 00:01:10]} {[%emt 00:00:02]} Rxc1+
{[%clk 00:00:54]} {[%emt 00:00:01]} 34. Bxc1 {[%clk 00:01:13]} {[%emt
00:00:02]} b5 {[%clk 00:00:48]} {[%emt 00:00:10]} 35. Ke1 {[%clk 00:01:15]}
{[%emt 00:00:03]} b4 {[%clk 00:00:43]} {[%emt 00:00:10]} 36. Kd1 {[%clk
00:01:06]} {[%emt 00:00:13]} Kf8 {[%clk 00:00:37]} {[%emt 00:00:13]} 37. Bb2
{[%clk 00:01:07]} {[%emt 00:00:04]} Ne6 {[%clk 00:00:36]} {[%emt 00:00:06]} 38.
h3 {[%clk 00:00:58]} {[%emt 00:00:14]} Nf4 {[%clk 00:00:35]} {[%emt 00:00:06]}
39. g4 {[%clk 00:00:59]} {[%emt 00:00:04]} Nd3 {[%clk 00:00:28]} {[%emt
00:00:12]} 40. Bd4 {[%clk 00:00:49]} {[%emt 00:00:13]} Be6 {[%clk 00:00:27]}
{[%emt 00:00:07]} 41. Kc2 {[%clk 00:00:33]} {[%emt 00:00:18]} b3+ {[%clk
00:00:29]} {[%emt 00:00:06]} 42. Kb1 {[%clk 00:00:37]} {[%emt 00:00:02]} b2
{[%clk 00:00:28]} {[%emt 00:00:06]} 43. Bxb2 {[%clk 00:00:40]} {[%emt
00:00:01]} Nxb2 {[%clk 00:00:32]} {[%emt 00:00:01]} 44. Kxb2 {[%clk 00:00:44]}
{[%emt 00:00:02]} Ke7 {[%clk 00:00:36]} 45. Kc3 {[%clk 00:00:48]} Kf6 {[%clk
00:00:40]} {[%emt 00:00:01]} 46. Kd4 {[%clk 00:00:53]} Kg5 {[%clk 00:00:40]}
{[%emt 00:00:04]} 47. Kxe4 {[%clk 00:00:54]} {[%emt 00:00:05]} Kh4 {[%clk
00:00:40]} {[%emt 00:00:05]} 48. f3 {[%clk 00:00:48]} {[%emt 00:00:10]} Kxh3
{[%clk 00:00:42]} {[%emt 00:00:04]} 49. Kf4 {[%clk 00:00:52]} Kg2 {[%clk
00:00:43]} {[%emt 00:00:04]} 50. Ke3 {[%clk 00:00:52]} {[%emt 00:00:04]} Kg3
{[%clk 00:00:46]} {[%emt 00:00:03]} 51. Ke4 {[%clk 00:00:55]} {[%emt 00:00:01]}
Bc8 {[%clk 00:00:46]} {[%emt 00:00:05]} 52. Ke3 {[%clk 00:00:52]} {[%emt
00:00:09]} Bb7 {[%clk 00:00:49]} {[%emt 00:00:02]} 53. f4 {[%clk 00:00:56]}
Kxg4 {[%clk 00:00:52]} {[%emt 00:00:01]} 54. Kf2 {[%clk 00:00:59]} {[%emt
00:00:03]} Kxf4 {[%clk 00:00:55]} {[%emt 00:00:01]} 55. Kg1 {[%clk 00:01:03]}
g5 {[%clk 00:00:59]} {[%emt 00:00:02]} 56. Kf1 {[%clk 00:01:07]} {[%emt
00:00:01]} h5 {[%clk 00:01:03]} {[%emt 00:00:01]} 57. Kg1 {[%clk 00:01:11]} h4
{[%clk 00:01:07]} 58. Kf1 {[%clk 00:01:15]} {[%emt 00:00:01]} g4 {[%clk
00:01:11]} 59. Kg1 {[%clk 00:01:20]} g3 {[%clk 00:01:14]} {[%emt 00:00:01]} 60.
Kf1 {[%clk 00:01:24]} {[%emt 00:00:02]} h3 {[%clk 00:01:14]} {[%emt 00:00:05]}
61. Kg1 {[%clk 00:01:28]} {[%emt 00:00:01]} h2+ {[%clk 00:01:16]} {[%emt
00:00:03]} 62. Kf1 {[%clk 00:01:32]} {[%emt 00:00:01]} h1=Q+ {[%emt 00:00:03]}
63. Ke2 {[%clk 00:01:37]} Qf3+ {[%clk 00:01:19]} {[%emt 00:00:03]} 64. Kd2
{[%clk 00:01:40]} {[%emt 00:00:02]} Qe3+ {[%clk 00:01:22]} {[%emt 00:00:02]} 65.
Kc2 {[%clk 00:01:42]} {[%emt 00:00:02]} Be4+ {[%clk 00:01:23]} {[%emt
00:00:05]} 66. Kb2 {[%clk 00:01:46]} Qd3 {[%clk 00:01:24]} {[%emt 00:00:03]} 67.
Kc1 {[%clk 00:01:43]} {[%emt 00:00:08]} Qc2# {[%clk 00:01:22]} {[%emt
00:00:07]} 0-1